00485cam a2200169ua 4500001000400000008003900004040000900043082000800052245005700060250000900117260005900126300001700185653002300202653003000225700002900255700003100284756110419n ii |||gr||||Z||||||eng cMAIN a3521 aSthaniya shayatra sakhon.cBy Mrigendra Narayan Das. a2nd. aDibrugarh.:bPatyaputhi prastuti hamannay samiti.,976. a404 p.:4 cm. aPolitical science. aSthaniya shayatra sakhon.1 aDas, Mrigendra Narayan.,1 aBorgohain, Munindra Nath.,